| 000 | 00928nam a2200253Ia 4500 | ||
|---|---|---|---|
| 003 | OSt | ||
| 005 | 20220923211611.0 | ||
| 006 | a|||||r|||| 00| 0 | ||
| 007 | ta | ||
| 008 | 220922b |||||||| |||| 00| 0 pan d | ||
| 020 |
_a9789389159127 (hbk) _c1100 |
||
| 024 | _a353,623 | ||
| 037 |
_b1172, 06/01/2020, H.K. Prakashan _cTextual |
||
| 040 |
_aARTS _cARTS _bpan |
||
| 041 |
_2pan _apan |
||
| 082 | _aY:1.1, 153Q9 | ||
| 100 | _aਸਿੰਘ, ਹਰਿਸਿਮਰਨ, ਂਚ. | ||
| 245 | 0 |
_aਵਿਸਮਾਦੀ ਵਿFਵ ਆਰਡਰ _b ਵਿFਵ ਸੱਭਿਆਜਾਰਾ ਦਾ ਬਹੁ-ਸੰਘ |
|
| 260 |
_aਰੂਪਨਗਰ _b ਲੋਕਗੀਤ ਪ੍ਰਕਾFਨ _c2019 |
||
| 300 |
_a596ਪ੍ਰ0 _ccm. |
||
| 650 | _aਸਭਿਆਚਾਰ | ||
| 942 |
_hY:1.1, 153Q9 _cTEXL _2CC |
||
| 999 |
_c301249 _d301249 |
||